Madness in society : (Record no. 643)

MARC details
000 -LEADER
fixed length control field 00533nam a2200193 a 4500
005 - DATE AND TIME OF LATEST TRANSACTION
control field 20260322212028.0
008 - FIXED-LENGTH DATA ELEMENTS--GENERAL INFORMATION
fixed length control field data
010 ## - LIBRARY OF CONGRESS CONTROL NUMBER
LC control number 68-13112
020 ## - INTERNATIONAL STANDARD BOOK NUMBER
International Standard Book Number 710029640
096 ## - LOCALLY ASSIGNED NLM-TYPE CALL NUMBER (OCLC)
Classification number WM 11 R722m 1968
001 - CONTROL NUMBER
control field data
100 1# - MAIN ENTRY--PERSONAL NAME
Personal name Rosen, George,
Dates associated with a name 1910-
245 10 - TITLE STATEMENT
Title Madness in society :
Remainder of title chapters in the historical sociology of mental illness /
Statement of responsibility, etc. George Rosen.
260 ## - PUBLICATION, DISTRIBUTION, ETC.
Place of publication, distribution, etc. London
Name of publisher, distributor, etc. Routledge
Date of publication, distribution, etc. c1968
300 ## - PHYSICAL DESCRIPTION
Extent x, 237 p.
500 ## - GENERAL NOTE
General note Bibliographical footnotes.
650 #4 - SUBJECT ADDED ENTRY--TOPICAL TERM
Topical term or geographic name entry element Mental illness
General subdivision history
650 02 - SUBJECT ADDED ENTRY--TOPICAL TERM
Topical term or geographic name entry element Community Psychiatry
Holdings
Withdrawn status Lost status Damaged status Not for loan Home library Current library Shelving location Date acquired Total checkouts Full call number Barcode Date last seen Price effective from Koha item type
        Pleasant Valley Pleasant Valley General stacks 22/03/2026   GEN BC0010660 22/03/2026 22/03/2026 Books